000 00604nam a2200193Ia 4500
003 IN-BaIIA
008 211028s9999 xx 000 0 eng d
040 _cIIA Library
080 _a083.7:684.462.044
_bISI
110 _aIndian Standards Institution
245 0 _aIndian standard specification for metal shelving racks
_badjustable type
_cIndian Standards Institution
260 _aNew Delhi
_bIndian Standards Institution
_c1967
300 _a11p.
500 _aIS : 1883-1966
650 _a Metal Shelving Racks
_98028
650 _a Standards 
_98029
650 _aNASA Thesaurus 
942 _cBK
999 _c4564
_d4564